Landen die grenzen aan Spanje - Statistieken

Algemene statistieken
  • Deze quiz is 164 keer genomen
  • De gemiddelde score is 4 van 5
Antwoordstatistieken
Lengte Land % Correct
623 km Frankrijk
99%
1214 km Portugal
98%
64 km Andorra
90%
16 km Marokko
71%
1 km Verenigd Koninkrijk
35%
Geen overeenkomende quizzen gevonden
Scoreverdeling
Procent van Mensen met Elke Score
Percentiel versus Aantal Correcte Antwoorden
Uw Scoregeschiedenis
U heeft deze quiz nog niet genomen